000 00302nam a2200145Ia 4500
100 _aHerbert/Douglas
942 _cBK
654 _awindows
245 _aUnderstanding 1-2-3 for Windows
260 _bBPB
_aDubai
_c1992
082 _a1.6424
_bHER
300 _a606
546 _aENGLISH
999 _c30726
_d30726